Canciones en la noche
Zapisane w:
| 1. autor: | |
|---|---|
| Format: | Książka |
| Język: | hiszpański |
| Wydane: |
Santiago
Imprenta y Encuadernación Chile
1913
|
| Wydanie: | 1a. ed |
| Hasła przedmiotowe: | |
| Etykiety: |
Dodaj etykietę
Nie ma etykietki, Dołącz pierwszą etykiete!
|
MARC
| LEADER | 00000nam a2200000 a 4500 | ||
|---|---|---|---|
| 001 | UCJ3359 | ||
| 003 | CL-VaPUC | ||
| 005 | 20230731134218.0 | ||
| 008 | 070124e19130000CL |||||||||||||||||spa|d | ||
| 999 | |c 319481 |d 319479 | ||
| 040 | |c Pontificia Universidad Católica de Valparaíso | ||
| 082 | 0 | 4 | |a Ch861 |b HUI |2 21 |
| 100 | |a Huidobro, Vicente |e autor |d 1893-1948 |q (García-Huidobro Fernández, Vicente) |9 505141 | ||
| 245 | 1 | 0 | |a Canciones en la noche |
| 250 | |a 1a. ed | ||
| 260 | |a Santiago |b Imprenta y Encuadernación Chile |c 1913 | ||
| 300 | |a 117 p | ||
| 500 | |a Contiene juicios de diversos escritores acerca del, entonces, joven poeta Vicente Huidobro, el más joven candidato al Premio Nobel | ||
| 583 | |a last modification |c 20070124 00:00:00 |k Rodrigo Vera | ||
| 600 | 0 | 7 | |a SEGURA CASTRO, O |2 CL-VaPUC |9 505142 |
| 600 | 0 | |a Jara, Max |d 1886-1965 |9 858139 | |
| 600 | 0 | 7 | |a CHAZAL, TOMAS |2 CL-VaPUC |9 505143 |
| 600 | 0 | 7 | |a GUZMAN CRUCHAGA, JUAN |2 CL-VaPUC |9 390337 |
| 600 | 0 | 7 | |a CRUCHAGA SANTA MARIA, ANGEL |2 CL-VaPUC |9 352821 |
| 650 | 0 | |a Poesía |9 265825 | |
| 650 | 0 | |a Crítica literaria |9 269189 | |
| 650 | 7 | |a CREACIONISMO |2 CL-VaPUC |9 320562 | |
| 852 | |a BIBCUR | ||
| 942 | |c BK |2 ddc | ||
| 945 | |d 20070124 00:00:00 |a rinostro | ||
| 952 | |0 0 |1 0 |4 0 |6 CH_861_000000000000000_HUI_1913 |7 0 |8 X |9 397812 |a FDOBUD |b FDOBUD |d 2019-11-22 |i 1002848 |o Ch861 HUI 1913 |p 1002848 |r 2019-11-22 |w 2019-11-22 |y BK_X |k BUD | ||